OPAC Home

පට්ඨානප්පකරණං 1 (Record no. 124811)

MARC details
000 -LEADER
fixed length control field 00579nam a2200205Ia 4500
003 - CONTROL NUMBER IDENTIFIER
control field LK-CoDNM
008 - FIXED-LENGTH DATA ELEMENTS--GENERAL INFORMATION
fixed length control field 010623t2005 xxu||||| |||| 00| 1 Pali d
040 ## - CATALOGING SOURCE
Original cataloging agency LK-CoDNM
Modifying agency LK-CoDNM
Description conventions LK-CoDNM
041 ## - LANGUAGE CODE
Language code of text/sound track or separate title
-- Sinhala; Sinhalese
080 ## - UNIVERSAL DECIMAL CLASSIFICATION NUMBER
Universal Decimal Classification number 294.3TRI
942 ## - ADDED ENTRY ELEMENTS (KOHA)
Koha item type Books
100 ## - MAIN ENTRY--PERSONAL NAME
Personal name Ganawimala himi,Bellana
245 ## - TITLE STATEMENT
Title පට්ඨානප්පකරණං 1
246 ## - VARYING FORM OF TITLE
Title proper/short title Patthanappakarana 1
260 ## - PUBLICATION, DISTRIBUTION, ETC. (IMPRINT)
Name of publisher, distributor, etc. Buddhist Cultural Centre6pDehiwala
Date of publication, distribution, etc. 2005
300 ## - PHYSICAL DESCRIPTION
Other physical details lxxix,527p, 30 cm
500 ## - GENERAL NOTE
General note Buddha Jayanti Tripitaka Series
650 ## - SUBJECT ADDED ENTRY--TOPICAL TERM
Topical term or geographic name as entry element Abhidhamma Pitaka
650 ## - SUBJECT ADDED ENTRY--TOPICAL TERM
Topical term or geographic name as entry element Buddhism

No items available.

Copyright © 2023 Department of National Museum, Colombo 07, Sri Lanka Funded by UNESCO IFAP UNESCO